000 01377cam a2200397 4500
999 _c24052
_d24052
001 vtls011931196
005 20251113121120.0
008 200510s2020 xo gr 010 f slo
020 _a9788022210881
_q(viazané)
040 _aSKPK
_bslo
_cSKPK
_dSNK
_erda
041 1 _aslo
_heng
044 _axo
_cSK
072 7 _a821.111-3
_xAnglická próza, anglicky písaná
_2konspekt
080 _a821.111(94)-31
_22011
080 _a(0:82-312.4)
_22011
080 _a(0:82-311.1)
_22011
100 1 _aHarper, Jane
_4aut
_95289
240 1 4 _aThe lost man
_lSlovensky
245 1 0 _aStratený muž
_cJane Harperová ; z anglického originálu The lost man ... preložila Simona Klimková
250 _aVydanie I.
264 1 _aBratislava
_bTatran
_c2020
300 _a280 strán
_c24 cm
336 _atext
_btxt
_2rdacontent
337 _abez média
_bn
_2rdamedia
338 _azväzok
_bnc
_2rdacarrier
500 _aObsahuje biografické údaje o autorke na záložke prebalu publikácie
655 7 _aaustrálske romány
_2SNKPH
_91684
655 7 _adetektívne romány
_2SNKPH
_91710
655 7 _apsychologické romány
_2SNKPH
_92388
655 7 _aAustralian fiction
_2SNKPHeng
_91685
655 7 _aDetective novels
_2SNKPHeng
_91711
655 7 _aPsychological novels
_2SNKPHeng
_92389
700 1 _aKlimková, Simona,
_d1982-
_4trl
_94578
958 _aLX
958 _aUP